Research methodology: a step-by-step guide for beginners (4th. edition) (Record no. 80154)

MARC details
000 -LEADER
fixed length control field 00794nam a2200181 a 4500
008 - FIXED-LENGTH DATA ELEMENTS--GENERAL INFORMATION
fixed length control field 170111s2014 ||||||||||||||||| || u
020 ## - INTERNATIONAL STANDARD BOOK NUMBER
International Standard Book Number 9781446269978
050 ## - LIBRARY OF CONGRESS CALL NUMBER
Classification number H 62 Kum
100 ## - MAIN ENTRY--PERSONAL NAME
Personal name Kumar, Ranjit
245 10 - TITLE STATEMENT
Title Research methodology: a step-by-step guide for beginners (4th. edition)
Statement of responsibility, etc. by Ranjit Kumar
250 ## - EDITION STATEMENT
Edition statement 4th ed.
260 ## - PUBLICATION, DISTRIBUTION, ETC.
Place of publication, distribution, etc. London
Name of publisher, distributor, etc. SAGE Publications Ltd
Date of publication, distribution, etc. 2014
300 ## - PHYSICAL DESCRIPTION
Extent xxvii, 399p.: ill.
650 #0 - SUBJECT ADDED ENTRY--TOPICAL TERM
Topical term or geographic name entry element SOCIAL SCIENCES--RESEARCH--METHODOLOGY
650 #0 - SUBJECT ADDED ENTRY--TOPICAL TERM
Topical term or geographic name entry element SOCIOLOGY
995 ## -
-- MAIN LIBRARY OPEN ACCESS
-- 747565
-- CBU-MAIN LIBRARY (Kitwe)
-- H 62 Kum
-- 2
-- OUT
-- Jan 24, 2017
-- 747565
-- Main Library Open Access Collection
995 ## -
-- MAIN LIBRARY OPEN ACCESS
-- 747564
-- CBU-MAIN LIBRARY (Kitwe)
-- H 62 Kum
-- 1
-- OUT
-- Jan 24, 2017
-- 747564
-- Main Library Open Access Collection
999 ## -
-- 80154
-- 80154
Holdings
Withdrawn status Lost status Source of classification or shelving scheme Damaged status Not for loan Permanent Location Current Location Shelving location Date acquired Total Checkouts Full call number Barcode Date last seen Date last checked out Copy number Price effective from Koha item type Checked out Collection code Source of acquisition
          CBU- LUSAKA CAMPUS CBU- LUSAKA CAMPUS General Stacks 10/22/2024   H 62 Kum 752889 10/22/2024     10/22/2024 MONOGRAPH   CBU-Lusaka Campus BOOK AID INTERNATIONAL
          CBU-MAIN LIBRARY, KITWE. CBU-MAIN LIBRARY, KITWE.   06/29/2023 4 H 62 Kum 747565 04/22/2025 01/07/2025 1 06/29/2023 MONOGRAPH      
          CBU-MAIN LIBRARY, KITWE. CBU-MAIN LIBRARY, KITWE.   06/29/2023 2 H 62 Kum 747564 03/19/2025 03/19/2025 2 06/29/2023 MONOGRAPH 05/20/2025